Construye tu robot: guía para principiantes (Registro nro. 10780)
[ vista simple ]
| 000 -Cabecera | |
|---|---|
| Campo de control de longitud fija | 00680nam a22002777a 4500 |
| 005 - Fecha y hora de la última transacción | |
| Campo de control | 20231115144512.0 |
| 008 - Elementos de longitud fija--Información general | |
| Campo de control de longitud fija | 180622b2015 xxu||||| |||| 00| 0 spa d |
| 020 ## - International Standard Book Number | |
| Número Internacional Estándar del Libro (ISBN) | 9788441536951 |
| 041 ## - Idioma | |
| Código de idioma | Español |
| 082 ## - Clasificación Decimal Dewey | |
| Número de clasificación | 629.892 B152c |
| 100 ## - Entrada principal--Autor personal | |
| Nombre personal | Baichtal, John |
| 245 ## - Título propiamente dicho | |
| Título | Construye tu robot: guía para principiantes |
| 260 ## - Pie de imprenta | |
| Lugar de publicación, distribución, etc. | España |
| 260 ## - Pie de imprenta | |
| Nombre del editor, distribuidor, etc. | Anaya |
| 260 ## - Pie de imprenta | |
| Fecha de publicación, distribución, etc. | 2015 |
| 300 ## - Descripción física | |
| Extensión | 383 páginas |
| 650 ## - Materia general | |
| Temática (materia general) | ROBÓTICA |
| 650 ## - Materia general | |
| Temática (materia general) | PROGRAMACIÓN |
| 650 ## - Materia general | |
| Temática (materia general) | ROBOTS ACUÁTICOS |
| 650 ## - Materia general | |
| Temática (materia general) | ROBOTS ARTISTAS |
| 650 ## - Materia general | |
| Temática (materia general) | ENERGÍA SOLAR |
| 650 ## - Materia general | |
| Temática (materia general) | ROBOTS CONECTADOS A INTERNET |
| 650 ## - Materia general | |
| Temática (materia general) | INFRARROJOS |
| 942 ## - Punto de acceso adicional KOHA | |
| Tipo de ítem KOHA | Libro |
| Fuente del sistema de clasificación o colocación | Dewey Decimal Classification |
| Signatura completa | Código de barras | Programa Académico | Tipo de ítem |
|---|---|---|---|
| 629.892 B152c | 23256 | Electrónica | Libro |
| 629.892 B152c | 23255 | Electrónica | Libro |